| 000 | 00489 a2200157 4500 | ||
|---|---|---|---|
| 005 | 20250410154311.0 | ||
| 020 | _a0 273 36083 3 | ||
| 082 | _a657 PIC | ||
| 100 | _aPICKLES, W. | ||
| 245 | _aAccountancy: A Textbook for the Professional Accountancy and Advanced Commercial Examinations, | ||
| 250 | _a4th Ed. | ||
| 260 |
_aLondon, _bThe English Language Book Society and Pitman, _c1974. |
||
| 300 |
_aix, 3,246p.: ill.; figure _bIndex _c21cm |
||
| 700 | _aLAFFERTY, J. L. | ||
| 942 |
_2ddc _cBKS |
||
| 999 |
_c1288 _d1288 |
||